| 000 | 00898cam a22002775a 4500 | ||
|---|---|---|---|
| 999 |
_c2948 _d2948 |
||
| 001 | 15169 | ||
| 003 | BD-DhUAP | ||
| 005 | 20200301092453.0 | ||
| 008 | 200301s2008 nyuae b 000 0 eng | ||
| 020 | _a9780500342435 (hbk.) | ||
| 020 | _a0500342431 (hbk.) | ||
| 035 | _a(OCoLC)ocn181139882 | ||
| 040 |
_aUKM _cUKM _dDLC _dBTCTA _dBAKER _dYDXCP _dBWX _dCDX _dWTU _dZQP _dSUC _dOCLCG _dYBM _dVP@ _dBD-DhUAP _bEng |
||
| 042 | _alccopycat | ||
| 050 | 0 | 0 |
_aNA4160 _b.D725 2008 |
| 082 | 0 | 4 |
_a721.04498 DRE _223 |
| 100 | 1 | _aDrew, Philip. | |
| 245 | 1 | 0 |
_aNew tent architecture / _cPhilip Drew. |
| 260 |
_aNew York : _bThames & Hudson, _cc2008. |
||
| 300 |
_a208 pages : _billustrations ; _c28 cm. |
||
| 504 | _aIncludes bibliographical references. | ||
| 650 | 0 | _aTensile architecture. | |
| 650 | 0 |
_aTensile architecture _vDesigns and plans. |
|
| 650 | 0 |
_aArchitecture, Modern _y21st century. |
|
| 942 |
_2ddc _cBK |
||